[Event "ESP-chT Div I 2018"]
[Site "Linares"]
[Date "2018.08.11"]
[Round "6"]
[White "Shvayger, Yuliya"]
[Black "Garcia Castany Musellas, Gal La"]
[Result "1/2-1/2"]
[WhiteElo "2390"]
[BlackElo "2203"]
[Annotator "NA"]
[PlyCount "66"]
[EventDate "2018.08.06"]
[EventType "team-tourn"]
[EventCountry "ESP"]
[SourceTitle "playchess.com"]
[Source "ChessBase"]
[SourceQuality "1"]
[TimeControl "40/5400+30:1800+30"]

1. e4 {[%emt 0:00:00]} e5 {[%emt 0:00:00]} 2. Nf3 {[%emt 0:00:00]} Nc6 {[%emt 0:00:00]} 3. Bb5 {[%emt 0:00:36]} a6 {[%emt 0:05:05]} 4. Bxc6 {[%emt 0:00:51]} dxc6 {[%emt 0:00:12]} 5. O-O {[%emt 0:00:13]} Qf6 {[%emt 0:01:10]} 6. d4 {[%emt 0:00:34]} exd4 {[%emt 0:02:18]} 7. Bg5 {[%emt 0:00:28]} Qd6 {[%emt 0:04:31]} 8. Nxd4 {[%emt 0:00:31]} Bd7 {[%emt 0:03:58]} 9. Nc3 {[%emt 0:01:14]} Qg6 {[%emt 0:06:46]} 10. Be3 {[%emt 0:01:49]} O-O-O {[%emt 0:01:51]} 11. Qe2 {[%emt 0:02:10]} Nf6 {[%emt 0:08:21]} 12. f3 {[%emt 0:01:27]} h5 {[%emt 0:02:55]} 13. Qf2 {[%emt 0:07:10]} h4 {[%emt 0:05:14]} 14. Nb3 {[%emt 0:04:37]} Kb8 {[%emt 0:00:41]} 15. Bc5 {[%emt 0:09:17]} Bxc5 {[%emt 0:00:30]} 16. Nxc5 {[%emt 0:00:30]} Bc8 {[%emt 0:28:12]} 17. Rfd1 {[%emt 0:01:22]} Qg5 {[%emt 0:03:04]} 18. b4 {[%emt 0:18:45]} Nh5 {[%emt 0:02:55]} 19. a4 {[%emt 0:01:10]} Nf4 {[%emt 0:05:02]} 20. Kh1 {[%emt 0:00:41]} Rxd1+ {[%emt 0:01:08]} 21. Rxd1 {[%emt 0:01:07]} Rd8 {[%emt 0:01:03]} 22. Nd3 {[%emt 0:02:32]} Qf6 {[%emt 0:04:03]} 23. Nxf4 {[%emt 0:12:56]} Rxd1+ {[%emt 0:00:26]} 24. Nxd1 {[%emt 0:00:05]} Qxf4 {[%emt 0:00:02]} 25. h3 {[%emt 0:00:35]} f5 {[%emt 0:07:20]} 26. Qd4 {[%emt 0:09:53]} fxe4 {[%emt 0:04:45]} 27. Qxe4 {[%emt 0:00:04]} Qd2 {[%emt 0:00:48]} 28. Ne3 {[%emt 0:00:30]} Qe1+ {[%emt 0:00:18]} 29. Kh2 {[%emt 0:00:03]} Qg3+ {[%emt 0:00:18]} 30. Kh1 {[%emt 0:00:29]} Qe1+ {[%emt 0:01:11]} 31. Kh2 {[%emt 0:00:02]} Qg3+ {[%emt 0:00:16]} 32. Kh1 {[%emt 0:00:01]} Qe1+ {[%emt 0:00:59]} 33. Kh2 {[%emt 0:00:03]} Qg3+ {[%emt 0:00:25]} 1/2-1/2

[Event "ESP-chT Div I 2018"]
[Site "Linares"]
[Date "2018.08.11"]
[Round "6"]
[White "Alonso Moyano, Jonathan"]
[Black "Van Wely, Loek"]
[Result "0-1"]
[WhiteElo "2388"]
[BlackElo "2650"]
[Annotator "TA"]
[PlyCount "132"]
[EventDate "2018.08.06"]
[EventType "team-tourn"]
[EventCountry "ESP"]
[SourceTitle "playchess.com"]
[Source "ChessBase"]
[SourceQuality "1"]

{[%evp 9,132,28,30,28,35,8,24,0,24,19,29,19,19,4,12,7,6,-21,7,0,12,16,7,-47,0,-83,32,17,16,6,17,-13,-19,-14,-14,-14,-14,-18,-17,-21,-18,-15,-13,-8,-13,-8,0,-70,-67,-69,-61,-97,-76,-96,-94,-89,-88,-108,-89,-90,-89,-89,-85,-84,-84,-85,-81,-89,-88,-89,-84,-89,-87,-96,-89,-89,-89,-99,-67,-76,-76,-89,-91,-97,-95,-155,-155,-147,-141,-245,-227,-253,-235,-228,-77,-383,-387,-345,-321,-399,-374,-621,-595,-616,-601,-558,-608,-600,-566,-544,-495,-674,-539,-1087,-1057,-29976,-29977,-29951,-12835,-29978,-29979,-29981,-29982,-29982,-29983]} 1. e4 c5 2. Nc3 d6 3. d4 cxd4 4. Qxd4 Bd7 (4... Nc6 5. Qd2 g6 6. b3 Bg7 7. Bb2 Nf6 8. O-O-O O-O 9. Kb1 Qa5 10. Nge2 e5 11. f3 {½-½ (41) Nakamura,H (2769)-Vachier Lagrave,M (2789) Stavanger 2018}) 5. Qd3 Nc6 6. Nf3 {B23: Closed Sicilian: Lines without g3} g6 7. Be3 $146 ({Predecessor:} 7. Be2 Bg7 8. O-O Nf6 9. Nd5 Ng4 10. c3 O-O 11. Bg5 h6 12. Bf4 Kh7 {0-1 (36) Bessat,R (2006)-Vutton,S (2095) Lyon 2005}) 7... Bg7 8. h3 {White has an edge.} Nf6 9. Be2 Rc8 10. O-O O-O 11. a3 a6 12. Rab1 b5 13. Rfc1 Re8 14. Nd5 Nxd5 15. exd5 Na5 16. Bd4 (16. Qd2 $11) 16... Bf5 17. Qd2 {[#]} (17. Qe3 $1 $11) 17... Nc4 ({Black should play} 17... Rxc2 $1 $17 {[%mdl 512]} 18. Rxc2 Nb3) 18. Bxc4 $1 $14 Rxc4 19. Bxg7 Kxg7 20. Nd4 Qc8 21. Nxf5+ Qxf5 22. c3 a5 23. Re1 b4 24. axb4 axb4 25. cxb4 Qf6 26. Re3 Rb8 27. Rbe1 Rcxb4 28. Rxe7 (28. Rf3 $1 $11 Rxb2 29. Qc1) 28... Rxb2 $15 29. Qe3 R8b5 30. Qa7 Rb1 31. Kf1 Rxe1+ 32. Rxe1 Rxd5 $17 {[%mdl 4096] Endgame KQR-KQR} 33. Qe7 Qd4 (33... Qb2 {is more complex.} 34. g3 Re5 35. Rxe5 Qxe5 36. Qc7 Qb5+) 34. Qe3 Qb2 35. Qc1 Qxc1 36. Rxc1 {KR-KR} h5 37. Ke2 Kf6 38. Rc3 Rc5 39. Ra3 d5 40. Kd3 Rc4 41. Ra8 Rf4 42. Ke3 Re4+ 43. Kd3 Re7 44. Ra2 Ke5 45. Re2+ Kd6 $1 46. Ra2 Rb7 47. Rc2 (47. Kd4 $142) 47... h4 48. Ra2 g5 49. Ke3 (49. Kc2 $17 {was necessary.}) 49... Ke5 $19 50. Ra8 Rb3+ $1 51. Ke2 f5 $2 (51... d4 $19 {and Black stays clearly on top.} 52. Ra5+ Ke4 53. Rxg5 d3+ 54. Ke1 Rb1+ 55. Kd2 Rb2+ 56. Ke1 Re2+ 57. Kf1 Kd4) 52. Rg8 $2 {[%mdl 8192]} (52. Re8+ $17 {was the crucial defense.} Kf4 53. Rd8) 52... Kf4 53. Rd8 Rb2+ 54. Ke1 Ke4 55. Re8+ $2 (55. Ra8 d4 56. Ra1) 55... Kd3 {[%cal Rb2b1]} 56. Re3+ Kc4 57. Re5 {[#]} d4 $1 {[%cal Bd5d4,Bd4d3][%mdl 32]} 58. Rxf5 Kd3 {[%cal Rb2b1]} 59. Rf3+ {[#]} Kc2 $1 {( -> ...d3)} 60. Ke2 Rb5 {aiming for ...Re5+.} 61. Rf8 {With the idea Rc8+.} d3+ 62. Ke3 d2 63. Rc8+ Kd1 64. Re8 Rd5 {Black mates.} 65. Ke4 Rd7 66. Ra8 Ke1 {Precision: White = 30%, Black = 69%.} 0-1

[Event "ESP-chT Div I 2018"]
[Site "Linares"]
[Date "2018.08.11"]
[Round "6"]
[White "Martin Duque, Jesus"]
[Black "Vergara Anton, Diego"]
[Result "1-0"]
[WhiteElo "2378"]
[BlackElo "2022"]
[Annotator "NA"]
[PlyCount "85"]
[EventDate "2018.08.06"]
[EventType "team-tourn"]
[EventCountry "ESP"]
[SourceTitle "playchess.com"]
[Source "ChessBase"]
[SourceQuality "1"]
[TimeControl "40/5400+30:1800+30"]

1. e4 {[%emt 0:00:00]} e6 {[%emt 0:00:07]} 2. d4 {[%emt 0:00:00]} d5 {[%emt 0:00:15]} 3. Nc3 {[%emt 0:00:00]} Nf6 4. e5 {[%emt 0:00:00]} Nfd7 {[%emt 0:00:29]} 5. f4 {[%emt 0:00:00]} c5 {[%emt 0:00:28]} 6. Nce2 {[%emt 0:00:03]} cxd4 {[%emt 0:03:00]} 7. Nxd4 {[%emt 0:00:34]} Nc6 {[%emt 0:00:57]} 8. Ngf3 {[%emt 0:01:50]} Bc5 {[%emt 0:03:26]} 9. c3 {[%emt 0:00:11]} Qb6 {[%emt 0:00:38]} 10. g3 {[%emt 0:05:55]} Nxd4 {[%emt 0:02:00]} 11. cxd4 {[%emt 0:00:14]} Be7 {[%emt 0:00:54]} 12. Bd3 {[%emt 0:00:38]} f5 {[%emt 0:05:54]} 13. O-O {[%emt 0:05:13]} O-O {[%emt 0:00:32]} 14. Rf2 {[%emt 0:00:30]} Nb8 {[%emt 0:04:18]} 15. Be3 {[%emt 0:00:59]} Nc6 {[%emt 0:00:21]} 16. h3 {[%emt 0:02:42]} Kh8 {[%emt 0:04:42]} 17. g4 {[%emt 0:01:53]} g6 {[%emt 0:02:35]} 18. Kh1 {[%emt 0:05:16]} Bd7 {[%emt 0:01:46]} 19. Rg2 {[%emt 0:01:54]} Rg8 {[%emt 0:02:06]} 20. Qd2 {[%emt 0:01:41]} Nb4 {[%emt 0:04:06]} 21. Bb1 {[%emt 0:01:40]} Rac8 {[%emt 0:10:05]} 22. a3 {[%emt 0:04:27]} Nc6 {[%emt 0:00:54]} 23. Ba2 {[%emt 0:00:27]} Na5 {[%emt 0:00:49]} 24. gxf5 {[%emt 0:03:41]} gxf5 {[%emt 0:01:12]} 25. Rag1 {[%emt 0:01:45]} Bb5 {[%emt 0:09:35]} 26. Ng5 {[%emt 0:15:01]} Bxg5 {[%emt 0:00:57]} 27. fxg5 {[%emt 0:00:02]} Be8 {[%emt 0:01:27]} 28. g6 {[%emt 0:01:09]} Rxg6 {[%emt 0:02:00]} 29. Bg5 {[%emt 0:02:01]} Qc7 {[%emt 0:07:40]} 30. b4 {[%emt 0:07:22]} Nc6 {[%emt 0:03:58]} 31. Bf6+ {[%emt 0:00:52]} Kg8 {[%emt 0:00:21]} 32. h4 {[%emt 0:00:32]} Nxd4 {[%emt 0:10:39]} 33. h5 {[%emt 0:06:20]} Nf3 {[%emt 0:06:34]} 34. Qh6 {[%emt 0:00:35]} Rxg2 {[%emt 0:01:46]} 35. Rxg2+ {[%emt 0:00:07]} Bg6 {[%emt 0:00:10]} 36. Rxg6+ {[%emt 0:02:45]} hxg6 {[%emt 0:00:41]} 37. Qh8+ {[%emt 0:00:04]} Kf7 {[%emt 0:00:43]} 38. Qg7+ {[%emt 0:00:05]} Ke8 {[%emt 0:00:42]} 39. Qg8+ {[%emt 0:00:04]} Kd7 {[%emt 0:00:24]} 40. Qf7+ {[%emt 0:00:07]} Kc6 {[%emt 0:00:10]} 41. Qxe6+ {[%emt 0:30:06]} Kb5 {[%emt 0:30:13]} 42. Qxd5+ {[%emt 0:00:19]} Ka6 {[%emt 0:04:02]} 43. Bc4+ {[%emt 0:00:19]} 1-0

[Event "ESP-chT Div I 2018"]
[Site "Linares"]
[Date "2018.08.11"]
[Round "6"]
[White "Ortega Hermida, Daniel"]
[Black "Almagro Llamas, Pablo"]
[Result "0-1"]
[WhiteElo "2334"]
[BlackElo "2442"]
[Annotator "NA"]
[PlyCount "120"]
[EventDate "2018.08.06"]
[EventType "team-tourn"]
[EventCountry "ESP"]
[SourceTitle "playchess.com"]
[Source "ChessBase"]
[SourceQuality "1"]
[TimeControl "40/5400+30:1800+30"]

1. e4 {[%emt 0:00:00]} c5 {[%emt 0:00:00]} 2. Nf3 {[%emt 0:00:00]} d6 {[%emt 0:00:03]} 3. d4 {[%emt 0:00:16]} cxd4 {[%emt 0:00:12]} 4. Nxd4 {[%emt 0:00:08]} Nf6 {[%emt 0:00:14]} 5. Nc3 {[%emt 0:00:16]} a6 {[%emt 0:00:42]} 6. Be3 {[%emt 0:01:04]} e6 {[%emt 0:01:17]} 7. f3 {[%emt 0:01:04]} b5 {[%emt 0:00:39]} 8. Qd2 {[%emt 0:01:24]} Nbd7 {[%emt 0:00:26]} 9. g4 {[%emt 0:05:33]} Nb6 {[%emt 0:02:04]} 10. a4 Nc4 {[%emt 0:10:20]} 11. Bxc4 {[%emt 0:03:51]} bxc4 {[%emt 0:00:07]} 12. a5 {[%emt 0:00:07]} Qc7 {[%emt 0:07:20]} 13. Nde2 {[%emt 0:08:50]} Nd7 {[%emt 0:09:25]} 14. Na4 {[%emt 0:07:03]} Bb7 {[%emt 0:02:51]} 15. Nb6 {[%emt 0:05:10]} Nxb6 {[%emt 0:02:47]} 16. Bxb6 {[%emt 0:00:30]} Qd7 {[%emt 0:00:34]} 17. h4 {[%emt 0:11:13]} Be7 {[%emt 0:03:23]} 18. O-O-O {[%emt 0:04:05]} O-O {[%emt 0:05:52]} 19. Nc3 {[%emt 0:05:24]} f5 {[%emt 0:18:07]} 20. gxf5 {[%emt 0:07:29]} exf5 {[%emt 0:00:06]} 21. Rhg1 {[%emt 0:00:58]} fxe4 {[%emt 0:01:48]} 22. fxe4 {[%emt 0:03:41]} Bxh4 {[%emt 0:04:15]} 23. e5 {[%emt 0:08:30]} Bf3 {[%emt 0:05:37]} 24. Rdf1 {[%emt 0:01:45]} Bg4 {[%emt 0:09:33]} 25. Qd5+ {[%emt 0:05:49]} Be6 {[%emt 0:04:11]} 26. Qe4 {[%emt 0:01:08]} Rxf1+ {[%emt 0:00:41]} 27. Rxf1 {[%emt 0:00:06]} Bg5+ {[%emt 0:00:05]} 28. Kb1 {[%emt 0:00:16]} d5 {[%emt 0:00:14]} 29. Qf3 {[%emt 0:01:02]} Re8 {[%emt 0:01:09]} 30. Bc5 {[%emt 0:02:34]} h6 {[%emt 0:02:39]} 31. Bd6 {[%emt 0:01:51]} d4 {[%emt 0:03:57]} 32. Ne4 {[%emt 0:00:25]} c3 {[%emt 0:00:54]} 33. Nc5 {[%emt 0:01:01]} Qb5 {[%emt 0:02:13]} 34. b3 {[%emt 0:02:44]} Bc4 {[%emt 0:00:15]} 35. Rd1 {[%emt 0:03:57]} d3 {[%emt 0:00:37]} 36. Rxd3 {[%emt 0:02:35]} Bxd3 {[%emt 0:00:07]} 37. Nxd3 {[%emt 0:00:04]} Qxa5 {[%emt 0:00:48]} 38. Qc6 {[%emt 0:00:22]} Qb5 {[%emt 0:01:00]} 39. Qxc3 {[%emt 0:00:09]} a5 {[%emt 0:00:50]} 40. Qd4 {[%emt 0:01:17]} Qc6 {[%emt 0:01:03]} 41. Qg4 {[%emt 0:31:34]} Qc8 {[%emt 0:31:30]} 42. Qg2 {[%emt 0:01:16]} Qc3 {[%emt 0:00:32]} 43. Qd5+ {[%emt 0:03:10]} Kh8 {[%emt 0:00:04]} 44. Nc5 {[%emt 0:00:44]} Qd2 {[%emt 0:00:26]} 45. Qe4 {[%emt 0:01:30]} a4 {[%emt 0:00:26]} 46. bxa4 {[%emt 0:00:20]} Be3 {[%emt 0:00:28]} 47. Nd3 {[%emt 0:00:37]} Rc8 {[%emt 0:00:36]} 48. Nb4 {[%emt 0:00:28]} Bd4 {[%emt 0:00:32]} 49. Na2 {[%emt 0:00:35]} Qd1+ {[%emt 0:00:45]} 50. Nc1 {[%emt 0:00:06]} Be3 {[%emt 0:00:37]} 51. Qxe3 {[%emt 0:00:53]} Qxc2+ {[%emt 0:00:06]} 52. Ka1 {[%emt 0:00:07]} Qxc1+ {[%emt 0:00:28]} 53. Qxc1 {[%emt 0:00:05]} Rxc1+ {[%emt 0:00:04]} 54. Kb2 {[%emt 0:00:03]} Rc8 {[%emt 0:00:16]} 55. Kb3 {[%emt 0:00:22]} Kg8 {[%emt 0:00:24]} 56. a5 {[%emt 0:00:44]} Kf7 {[%emt 0:00:07]} 57. Kb4 {[%emt 0:00:17]} h5 {[%emt 0:00:27]} 58. a6 {[%emt 0:00:12]} h4 {[%emt 0:00:15]} 59. Kb5 {[%emt 0:01:08]} Ke6 {[%emt 0:00:25]} 60. a7 {[%emt 0:00:21]} Ra8 {[%emt 0:00:11]} 0-1

[Event "ESP-chT Div I 2018"]
[Site "Linares"]
[Date "2018.08.11"]
[Round "6"]
[White "Rodriguez Fontecha, Marcos"]
[Black "Granero Roca, Antonio"]
[Result "0-1"]
[WhiteElo "2329"]
[BlackElo "2383"]
[Annotator "NA"]
[PlyCount "78"]
[EventDate "2018.08.06"]
[EventType "team-tourn"]
[EventCountry "ESP"]
[SourceTitle "playchess.com"]
[Source "ChessBase"]
[SourceQuality "1"]
[TimeControl "40/5400+30:1800+30"]

1. d4 {[%emt 0:00:00]} Nf6 {[%emt 0:00:19]} 2. Nf3 {[%emt 0:00:00]} g6 {[%emt 0:00:28]} 3. Bg5 {[%emt 0:00:00]} Bg7 {[%emt 0:00:19]} 4. c3 {[%emt 0:00:10]} O-O {[%emt 0:01:14]} 5. Nbd2 {[%emt 0:00:05]} d5 {[%emt 0:00:20]} 6. e3 {[%emt 0:00:26]} c6 {[%emt 0:00:32]} 7. Be2 {[%emt 0:00:19]} a5 {[%emt 0:00:27]} 8. O-O {[%emt 0:02:19]} Nbd7 {[%emt 0:01:02]} 9. b4 {[%emt 0:03:15]} Re8 {[%emt 0:01:23]} 10. Qc2 {[%emt 0:05:49]} h6 {[%emt 0:02:47]} 11. Bh4 {[%emt 0:00:51]} e5 {[%emt 0:02:20]} 12. b5 {[%emt 0:05:35]} e4 {[%emt 0:01:44]} 13. bxc6 {[%emt 0:05:22]} bxc6 {[%emt 0:01:55]} 14. Ne1 {[%emt 0:00:03]} Nf8 {[%emt 0:03:58]} 15. c4 {[%emt 0:07:56]} Ba6 {[%emt 0:03:04]} 16. Qa4 {[%emt 0:04:56]} Qd7 {[%emt 0:04:05]} 17. Nb3 {[%emt 0:03:05]} Ne6 {[%emt 0:01:38]} 18. Nc2 {[%emt 0:03:34]} c5 {[%emt 0:03:23]} 19. Qxd7 {[%emt 0:09:05]} Nxd7 {[%emt 0:00:29]} 20. Nxa5 {[%emt 0:00:03]} cxd4 {[%emt 0:02:07]} 21. exd4 {[%emt 0:14:04]} Nf4 {[%emt 0:02:35]} 22. Rfe1 {[%emt 0:01:26]} Nb6 {[%emt 0:07:23]} 23. Bf1 {[%emt 0:03:11]} Nxc4 {[%emt 0:00:47]} 24. Nb3 {[%emt 0:06:15]} Ne6 {[%emt 0:01:26]} 25. f3 {[%emt 0:03:57]} exf3 {[%emt 0:05:12]} 26. gxf3 {[%emt 0:00:53]} Na3 {[%emt 0:00:38]} 27. Nb4 {[%emt 0:04:42]} Bxf1 {[%emt 0:00:17]} 28. Kxf1 {[%emt 0:00:44]} Ra4 {[%emt 0:02:28]} 29. Nxd5 {[%emt 0:04:04]} Nc2 {[%emt 0:01:40]} 30. Nf6+ {[%emt 0:03:58]} Bxf6 {[%emt 0:00:21]} 31. Bxf6 {[%emt 0:00:03]} Nxa1 {[%emt 0:00:19]} 32. Rxa1 {[%emt 0:01:16]} Nf4 {[%emt 0:01:00]} 33. a3 {[%emt 0:01:50]} Re3 {[%emt 0:01:44]} 34. Nd2 {[%emt 0:01:06]} Nd5 {[%emt 0:00:40]} 35. Be5 {[%emt 0:00:50]} f6 {[%emt 0:00:24]} 36. Bd6 {[%emt 0:01:34]} Rxd4 {[%emt 0:00:52]} 37. Rd1 {[%emt 0:03:15]} Red3 {[%emt 0:01:59]} 38. Ke1 {[%emt 0:00:16]} Nc3 {[%emt 0:00:16]} 39. Bc5 {[%emt 0:00:04]} Rd5 {[%emt 0:00:09]} 0-1

[Event "ESP-chT Div I 2018"]
[Site "Linares"]
[Date "2018.08.11"]
[Round "6"]
[White "Cano Sanchez, Josue"]
[Black "Perez Lopez, Jesus Maria"]
[Result "1-0"]
[WhiteElo "2312"]
[BlackElo "2272"]
[Annotator "NA"]
[PlyCount "94"]
[EventDate "2018.08.06"]
[EventType "team-tourn"]
[EventCountry "ESP"]
[SourceTitle "playchess.com"]
[Source "ChessBase"]
[SourceQuality "1"]
[TimeControl "40/5400+30:1800+30"]

1. d4 {[%emt 0:00:34]} d5 {[%emt 0:03:38]} 2. Nf3 {[%emt 0:02:23]} c6 {[%emt 0:00:46]} 3. c3 {[%emt 0:01:59]} Bf5 {[%emt 0:02:56]} 4. Bf4 {[%emt 0:00:33]} e6 {[%emt 0:03:46]} 5. Qb3 {[%emt 0:00:49]} Qb6 {[%emt 0:00:50]} 6. Nbd2 {[%emt 0:00:35]} Nd7 {[%emt 0:12:00]} 7. e3 {[%emt 0:00:34]} h6 {[%emt 0:10:51]} 8. Be2 {[%emt 0:01:21]} Ngf6 {[%emt 0:00:50]} 9. h3 {[%emt 0:01:48]} a5 {[%emt 0:05:58]} 10. a4 {[%emt 0:06:55]} Ne4 {[%emt 0:04:50]} 11. Qxb6 {[%emt 0:04:05]} Nxb6 {[%emt 0:00:05]} 12. Bc7 {[%emt 0:00:22]} Nxd2 {[%emt 0:02:17]} 13. Nxd2 {[%emt 0:00:26]} Nc8 {[%emt 0:00:22]} 14. Nb3 {[%emt 0:10:29]} Bd6 {[%emt 0:07:06]} 15. Bxd6 {[%emt 0:00:16]} Nxd6 {[%emt 0:00:04]} 16. Nc1 {[%emt 0:00:26]} Ke7 {[%emt 0:02:03]} 17. Bd3 {[%emt 0:00:13]} Rhc8 {[%emt 0:07:22]} 18. Bxf5 {[%emt 0:00:34]} Nxf5 {[%emt 0:00:03]} 19. Nd3 {[%emt 0:00:10]} Nd6 {[%emt 0:02:43]} 20. Ke2 {[%emt 0:00:51]} b6 {[%emt 0:00:23]} 21. Rhd1 {[%emt 0:09:12]} c5 {[%emt 0:04:58]} 22. Ra2 {[%emt 0:01:31]} c4 {[%emt 0:07:16]} 23. Ne1 {[%emt 0:00:34]} Rcb8 {[%emt 0:00:20]} 24. Nf3 {[%emt 0:01:25]} f6 {[%emt 0:00:31]} 25. Nd2 {[%emt 0:00:34]} b5 {[%emt 0:02:10]} 26. axb5 {[%emt 0:00:06]} Rxb5 {[%emt 0:00:02]} 27. Rb1 {[%emt 0:00:51]} g5 {[%emt 0:00:54]} 28. Kd1 {[%emt 0:00:22]} e5 {[%emt 0:02:46]} 29. Kc2 {[%emt 0:00:18]} Ke6 {[%emt 0:02:04]} 30. Ra4 {[%emt 0:01:32]} Rab8 {[%emt 0:00:30]} 31. dxe5 {[%emt 0:07:30]} fxe5 {[%emt 0:00:06]} 32. e4 {[%emt 0:00:07]} Rf8 {[%emt 0:06:37]} 33. exd5+ {[%emt 0:00:15]} Kxd5 {[%emt 0:02:12]} 34. f3 {[%emt 0:00:07]} Rc8 {[%emt 0:02:50]} 35. Rba1 {[%emt 0:03:18]} Rcc5 {[%emt 0:00:17]} 36. b3 {[%emt 0:01:55]} cxb3+ {[%emt 0:03:06]} 37. Nxb3 {[%emt 0:00:07]} Rc6 {[%emt 0:00:32]} 38. Rxa5 {[%emt 0:01:07]} Ke6 {[%emt 0:00:07]} 39. Ra6 {[%emt 0:02:12]} Rbb6 {[%emt 0:01:40]} 40. Rxb6 {[%emt 0:04:31]} Rxb6 {[%emt 0:00:01]} 41. Nd2 {[%emt 0:31:10]} Kf5 {[%emt 0:30:35]} 42. Ra4 {[%emt 0:01:53]} h5 {[%emt 0:01:12]} 43. g4+ {[%emt 0:01:41]} Ke6 {[%emt 0:00:40]} 44. gxh5 {[%emt 0:00:42]} Rb8 {[%emt 0:01:03]} 45. Ra6 {[%emt 0:00:40]} Ke7 {[%emt 0:00:12]} 46. Ne4 {[%emt 0:00:32]} Nf5 {[%emt 0:00:54]} 47. Ra7+ {[%emt 0:00:36]} Kf8 1-0

[Event "ESP-chT Div I 2018"]
[Site "Linares"]
[Date "2018.08.11"]
[Round "6"]
[White "Alonso Alvarez, Aitor"]
[Black "Gascon del Nogal, Jose Rafael"]
[Result "1/2-1/2"]
[WhiteElo "2306"]
[BlackElo "2476"]
[Annotator "TA"]
[PlyCount "66"]
[EventDate "2018.08.06"]
[EventType "team-tourn"]
[EventCountry "ESP"]
[SourceTitle "playchess.com"]
[Source "ChessBase"]
[SourceQuality "1"]

{[%evp 24,66,0,0,0,-6,0,0,0,0,0,0,0,-16,0,-6,0,7,16,0,0,0,0,0,8,0,0,0,0,0,0,-33,0,0,0,-14,0,-15,0,-12,0,0,0,-21,0]} 1. Nf3 d5 2. d4 Nf6 3. g3 c6 4. Bg2 Bf5 5. O-O h6 6. c4 e6 7. Nc3 Nbd7 8. Nd2 Be7 9. e4 dxe4 10. Ndxe4 Nxe4 11. Nxe4 O-O 12. Be3 Nf6 {D11: Slav Defence: 3 Nf3 sidelines and 3...Nf6 4 e3 Bg4} 13. Nc3 {LiveBook: 19 Games} Qd7 (13... Rb8 14. Qe2 a6 15. Rfd1 Bd6 16. h3 Qe7 17. a3 e5 18. c5 Bc7 19. d5 cxd5 20. Nxd5 Nxd5 21. Rxd5 {0-1 (48) Wang,H (2732)-Xu,Y (2523) China 2016}) 14. h3 Rad8 15. Qe2 Rfe8 16. Rfd1 Bd6 17. a3 Qc8 18. Qf1 $146 ({Predecessor:} 18. f4 Bg6 19. b4 a6 20. Rac1 {0-1 (44) Nguyen,T (2308)-Duong,T (2243) Dong Thap 2003}) 18... a6 19. b4 e5 20. d5 c5 21. Na4 {[%cal Rb4c5]} Nd7 ({Don't play} 21... cxb4 $6 22. c5 $16) 22. Nxc5 Nxc5 23. bxc5 Bxc5 24. g4 Bxe3 25. fxe3 Bg6 26. e4 Qc5+ 27. Kh1 Rd6 28. Qd3 {The position is equal.} Rc8 29. Rac1 f6 30. Re1 Be8 31. Qe3 Kf8 32. Qxc5 Rxc5 33. Rb1 b6 {Precision: White = 50%, Black = 53%.} 1/2-1/2

[Event "ESP-chT Div I 2018"]
[Site "Linares"]
[Date "2018.08.11"]
[Round "6"]
[White "Aranaz Murillo, Amalia"]
[Black "Gonzalez Guedes, Iyan"]
[Result "1-0"]
[WhiteElo "2227"]
[BlackElo "1925"]
[Annotator "NA"]
[PlyCount "59"]
[EventDate "2018.08.06"]
[EventType "team-tourn"]
[EventCountry "ESP"]
[SourceTitle "playchess.com"]
[Source "ChessBase"]
[SourceQuality "1"]
[TimeControl "40/5400+30:1800+30"]

1. Nf3 {[%emt 0:00:00]} Nf6 {[%emt 0:00:00]} 2. c4 {[%emt 0:00:00]} g6 {[%emt 0:00:00]} 3. g3 {[%emt 0:00:00]} Bg7 {[%emt 0:00:00]} 4. Bg2 {[%emt 0:00:00]} O-O {[%emt 0:00:00]} 5. O-O {[%emt 0:00:13]} d6 {[%emt 0:00:00]} 6. d4 {[%emt 0:00:36]} Nbd7 {[%emt 0:00:00]} 7. Nc3 {[%emt 0:00:47]} e5 {[%emt 0:00:07]} 8. e4 {[%emt 0:00:08]} exd4 {[%emt 0:00:06]} 9. Nxd4 {[%emt 0:00:07]} Re8 {[%emt 0:00:16]} 10. h3 {[%emt 0:01:23]} Ne5 {[%emt 0:00:38]} 11. b3 {[%emt 0:00:29]} a6 {[%emt 0:00:04]} 12. Be3 {[%emt 0:01:52]} Rb8 {[%emt 0:00:20]} 13. a4 {[%emt 0:02:20]} Bd7 {[%emt 0:07:38]} 14. Ra2 {[%emt 0:07:17]} c5 {[%emt 0:14:12]} 15. Nde2 {[%emt 0:00:09]} b5 {[%emt 0:05:31]} 16. f4 {[%emt 0:08:18]} Nc6 {[%emt 0:00:47]} 17. axb5 {[%emt 0:00:21]} axb5 {[%emt 0:01:51]} 18. cxb5 {[%emt 0:00:28]} Nb4 {[%emt 0:04:38]} 19. Rd2 {[%emt 0:00:31]} Bxb5 {[%emt 0:09:30]} 20. Rxd6 {[%emt 0:03:43]} Bxe2 {[%emt 0:03:19]} 21. Rxd8 {[%emt 0:09:51]} Bxd1 {[%emt 0:00:04]} 22. Rxb8 {[%emt 0:00:17]} Rxb8 {[%emt 0:00:07]} 23. Rxd1 {[%emt 0:00:07]} Ng4 {[%emt 0:05:13]} 24. hxg4 {[%emt 0:01:50]} Bxc3 {[%emt 0:00:05]} 25. Bxc5 {[%emt 0:00:09]} Na6 {[%emt 0:07:11]} 26. Be7 {[%emt 0:02:43]} f6 {[%emt 0:08:57]} 27. Bf1 {[%emt 0:05:32]} Re8 {[%emt 0:10:58]} 28. Bc4+ {[%emt 0:04:27]} Kg7 {[%emt 0:00:15]} 29. Rd7 {[%emt 0:00:26]} Nb8 {[%emt 0:04:30]} 30. Bxf6+ {[%emt 0:00:33]} 1-0

[Event "ESP-chT Div I 2018"]
[Site "Linares"]
[Date "2018.08.11"]
[Round "6"]
[White "Rivas Garcia, Victor"]
[Black "Gonzalez de la Torre, Santiago"]
[Result "0-1"]
[WhiteElo "2217"]
[BlackElo "2434"]
[Annotator "TA"]
[PlyCount "72"]
[EventDate "2018.08.06"]
[EventType "team-tourn"]
[EventCountry "ESP"]
[SourceTitle "playchess.com"]
[Source "ChessBase"]
[SourceQuality "1"]

{[%evp 12,72,0,0,0,5,2,0,47,9,33,25,35,28,43,22,18,28,28,5,19,0,39,-10,-2,0,0,0,6,15,13,0,0,-19,-12,-32,-8,-9,-10,-41,-5,-9,0,-284,-267,-306,-256,-284,-225,-479,-472,-509,-407,-1631,-1633,-1498,-1445,-29981,-29982,-29982,-29983,-29998,-29999]} 1. e4 c5 2. Nc3 Nc6 3. Bb5 Nd4 4. Bc4 e6 5. Nge2 Nf6 6. O-O {B23: Closed Sicilian: Lines without g3} a6 7. a3 {LiveBook: 6 Games} d5 8. exd5 {The position is equal.} exd5 9. Ba2 Be7 10. d3 Ne6 $146 ({Predecessor:} 10... Bg4 11. h3 Nxe2+ 12. Nxe2 Bd7 13. Bg5 O-O {1-0 (35) Movsesian,S (2747)-Tregubov,P (2628) Odessa 2009}) 11. Ng3 g6 12. Bh6 b5 13. Re1 {aiming for Qf3.} Bb7 14. Qf3 Qd6 15. a4 b4 16. Nce2 $1 O-O-O 17. Nf4 Nd4 $1 {[%csl LRc2,LRf3]} 18. Qd1 $1 Bf8 19. Bxf8 $1 Rhxf8 20. Qd2 Kb8 21. c3 Nc6 22. Re2 h5 {With the idea ...h4.} 23. h4 Rfe8 $36 {[%mdl 2048] Black has the initiative.} 24. Rae1 Rxe2 25. Rxe2 bxc3 26. bxc3 d4 {[%cal Bd5d4,Bd4c3][%mdl 32]} 27. Bxf7 $2 {[%mdl 8192]} (27. cxd4 $11 Nxd4 28. Re1) 27... dxc3 $19 28. Qc1 Nd4 29. Re1 Ng4 30. Nxg6 $2 (30. Ne6 Rd7 31. Bg8) 30... c2 31. Qg5 {[#]} Bf3 $1 {[%mdl 512] Hoping for ...Ne2+!} 32. Re7 {[#]} (32. Bb3 $142 Bxg2 33. Kxg2 Nxb3 34. f3) (32. gxf3 Nxf3+) 32... Ne2+ $1 {[%mdl 512]} 33. Rxe2 Bxe2 34. Nxe2 Qh2+ {Black mates.} 35. Kf1 Rxd3 {[%cal Rd3d1]} 36. Nc1 Qh1+ {Precision: White = 39%, Black = 65%.} 0-1